Normal view
MARC view
- Mayas
Entry Materia
001 - NÚMERO DE CONTROL DEL REGISTRO
- campo de control: 16736
003 - IDENTIFICADOR DE NUMERO DE CONTROL
- campo de control: MX-MxUPN
005 - FECHA Y HORA DE LA ÚLTIMA TRANSACCIÓN
- campo de control: 20260327144440.0
008 - DATOS DE LONGITUD FIJA
- campo de control de longitud fija: 260327nn fnnnnbaba b bna |d
035 ## - NÚMERO DE CONTROL DEL SISTEMA
- Número de control del sistema: UPN10000016744
040 ## - FUENTE DE LA CATALOGACIÓN
- Centro catalogador de origen: MX-MxUPN
- Lengua de catalogación: spa
150 ## - ENCABEZAMIENTO - TEMÁTICO
- Término de materia o nombre geográfico como elemento inicial: Mayas
- Subdivisión de materia general: Leyendas
670 ## - FUENTE EN LA QUE SE LOCALIZARON DATOS
- Cita de la fuente: Escamilla Gonzáles, G. Lista de encabezamientos de materia, 1978 :
- Enlace: página 549 (Mayas -- Leyendas)
902 ## - CATALOGADOR
- Catalogador: JMG/270296
- Catalogador: VíctorGodínez/270326
